Score 0/50 Timer 10:00
0 Plays Today
Title Missing Word % Correct
Shall I Compare Thee to a ____ Day?Summer's
85%
The ____ Not TakenRoad
83.9%
Kubla ____Khan
82%
____ to a NightingaleOde
81.8%
How Do I ____ Thee?Love
80.9%
The Charge of the Light ____Brigade
79.6%
The ____ of the Ancient MarinerRime
72.6%
The Owl and the ____Pussy-Cat
70.5%
I Wandered ____ As a Cloud (The Daffodils)Lonely
66.5%
A Red, Red ____Rose
63.2%
The Love Song of J. Alfred ____Prufrock
62.8%
Do Not Go ____ Into That Good NightGentle
61.7%
The ____ of ShalottLady
61.4%
To His Coy ____Mistress
61.4%
The ____ of HiawathaSong
55.2%
Dulce et ____ estDecorum
52.9%
Stopping by ____ on a Snowy EveningWoods
51.4%
Elegy Written in a ____ ChurchyardCountry
42.3%
Stop All the ____Clocks
40.6%
The Ballad of ____ GaolReading
39.6%
My Last ____Duchess
37.3%
Upon Westminster ____Bridge
36.6%
Let Me Not to the Marriage of ____ MindsTrue
32.5%
Not Waving But ____Drowning
31.2%
Diary of a ____ MouseChurch
28.9%
Title Missing Word % Correct
Anthem for ____ YouthDoomed
28.4%
____ the Mystery CatMacavity
24.5%
The ____ Isle of InnisfreeLake
22.4%
Journey of the ____Magi
21.8%
The Way Through the ____Woods
20.3%
Fern ____Hill
18.9%
Pied ____Beauty
18.4%
The ____ Shepherd To His LovePassionate
16.3%
The ____ ThrushDarkling
16.2%
He Wishes For the ____ of HeavenCloths
14.2%
This Be the ____Verse
13.3%
Loveliest of Trees, the ____ NowCherry
12.9%
____ of EgyptOzymandias
12.6%
The Old ____, GrantchesterVicarage
11.5%
The Hound of ____Heaven
11.4%
An Arundel ____Tomb
11.1%
____ of PartsNaming
10.5%
Abou Ben ____Adhem
9.5%
The Song of ____ AengusWandering
9.2%
Please Mrs ____Butler
8.6%
Everyone ____Sang
6.6%
Let Me Die a ____ DeathYoungman's
6.3%
La ____ Che PiangeFiglia
4.3%
The ____ On the GardenSunlight
4.3%
Emmonsail's ____ in WinterHeath
3%
Remove Ads.
Support Sporcle.
Get the best of Sporcle when you Go Orange. This ad-free experience offers more features, more stats, and more fun while also helping to support Sporcle. Thank you for becoming a member.

You're not logged in!

Compare scores with friends on all Sporcle quizzes.
OR
Log In

Show Comments

Extras

Top Quizzes Today


Score Distribution

Your Account Isn't Verified!

In order to create a playlist on Sporcle, you need to verify the email address you used during registration. Go to your Sporcle Settings to finish the process.

Report this User

Report this user for behavior that violates our Community Guidelines.

Details: